| 000 | 00458nam a2200181Ia 4500 | ||
|---|---|---|---|
| 001 | 9669 | ||
| 005 | 20260306161735.0 | ||
| 008 | 260306t1999||||xx |||||||||||||| ||spa|| | ||
| 041 | _aESP | ||
| 082 |
_a388.4791 _bA36 |
||
| 100 |
_aAlbert Piñole, Isabel _eAUT |
||
| 245 | 0 | _aGestión, productos y servicios de las agencias de viajes | |
| 260 | _c1999 | ||
| 300 |
_a1060 páginas : _c24 cm. |
||
| 650 | _aGEN | ||
| 654 | _aCHU | ||
| 942 |
_cLIB _dJUS _fJUS _2ddc _n |
||
| 999 |
_c9669 _d9669 |
||